000
00210 a2200097 4500
001
10603
100
_a
Runciman, S
245
_a
History of the Crusades, The.
260
_a
_b
Cambridge
_c
090
_c
8207
_d
8207
942
_a
NUST-CAE
_c
M
_c
34942
999
_c
245676
_d
245676